Practical java for begineers (Record no. 139602)

000 -LEADER
fixed length control field 00270nmm a2200097Ia 4500
008 - FIXED-LENGTH DATA ELEMENTS--GENERAL INFORMATION
fixed length control field 220120s9999||||xx |||||||||||||||||und||
020 ## - INTERNATIONAL STANDARD BOOK NUMBER
International Standard Book Number 81-7808-312-4
100 ## - MAIN ENTRY--PERSONAL NAME
Personal name Harwani, B. M
9 (RLIN) 5491
245 #0 - TITLE STATEMENT
Title Practical java for begineers
260 ## - PUBLICATION, DISTRIBUTION, ETC.
Place of publication, distribution, etc. Prenice hall of India
Name of publisher, distributor, etc. New Delhi
Holdings
Withdrawn status Lost status Damaged status Not for loan Home library Current library Date acquired Barcode Date last seen Price effective from Koha item type
        Central Library Central Library 01/20/2022 CD1153 01/20/2022 01/20/2022 Compact Disc

Powered by Koha